| 000 | 00000nam##2200000za#4500 |
| 001 | 9.640981 |
| 003 | CaOODSP |
| 005 | 20210624222931 |
| 007 | cr ||||||||||| |
| 008 | 150407|2000||||xxc|||||o f|0| 0 fre|d |
| 040 | |aCaOODSP|bfre |
| 043 | |an-cn--- |
| 086 | 1 |aH22-21/52-2000F-PDF |
| 110 | 1 |aCanada.|bDéveloppement des ressources humaines Canada. |
| 245 | 10|aAccord sur la sécurité sociale entre le Canada et la République hellénique |h[ressource électronique] |
| 260 | |aOttawa - Ontario : |bDéveloppement des ressources humaines Canada |c[2000?]. |
| 300 | |a17p. |
| 590 | |a12-43-Supp|b2012-12-07 |
| 691 | 07|aSécurité sociale|2gcpds |
| 691 | 07|aCoopération internationale|2gcpds |
| 775 | 08|tAgreement on social security between Canada and the Hellenic Republic |w(CaOODSP)9.696902 |
| 776 | 0#|tRésumé: Accord de sécurité sociale entre le Canada et la Grèce : |w(CaOODSP)9.681015 |
| 856 | 40|ahttp://publications.gc.ca|qPDF|s37 Ko|uhttps://publications.gc.ca/collections/Collection/H22-21-52-2000F.pdf |